[Event "AUT-chT U18 rapid"]
[Site "Vienna"]
[Date "2023.10.29"]
[Round "1.7"]
[White "Aboulenein Djamshidian, Kimia"]
[Black "Huber, Elisa"]
[Result "0-1"]
[WhiteElo "1204"]
[BlackElo "1391"]
[PlyCount "49"]
[EventDate "2023.10.29"]
[EventType "team-swiss"]
[EventRounds "7"]
[EventCountry "AUT"]
[SourceTitle "Mega2024 Update 01"]
[Source "Chessbase"]
[SourceDate "2023.11.12"]
[SourceVersion "1"]
[SourceVersionDate "2023.11.12"]
[SourceQuality "1"]
[WhiteTeam "Vienna U18 II"]
[BlackTeam "Vienna U18"]
[WhiteTeamCountry "AUT"]
[BlackTeamCountry "AUT"]

1. c4 Nf6 2. Nc3 d6 3. g3 g6 4. Bg2 Bg7 5. e3 e5 6. Nge2 Nc6 7. 0-0 0-0 8. d4 exd4 9. exd4 Bf5 10. Bf4 Re8 11. h3 Ne4 12. Be3 Qf6 13. d5 Nxc3 14. Nxc3 Na5 15. Bd4 Qe7 16. Bxg7 Kxg7 17. Re1 Qf6 18. Qa4 Rxe1+ 19. Rxe1 b6 20. Rc1 a6 21. b3 Qg5 22. Rd1 Bc2 23. Rf1 Qe5 24. Nd1 Bd3 25. f4 0-1

[Event "AUT-ch U14 Girls"]
[Site "St Veit"]
[Date "2023.06.09"]
[Round "3"]
[White "Aboulenein Djamshidian, Kimia"]
[Black "Wang, Yihan"]
[Result "1/2-1/2"]
[WhiteElo "1153"]
[BlackElo "1237"]
[PlyCount "60"]
[EventDate "2023.06.08"]
[EventType "swiss"]
[EventRounds "7"]
[EventCountry "AUT"]
[SourceTitle "EXT 2024"]
[Source "ChessBase"]
[SourceDate "2023.10.10"]
[SourceVersion "1"]
[SourceVersionDate "2023.10.10"]
[SourceQuality "1"]

1. d4 d5 2. Bf4 c5 3. e3 Nc6 4. Nf3 Qb6 5. b3 Nf6 6. c4 e6 7. Nc3 h6 8. cxd5 exd5 9. dxc5 Qxc5 10. Rc1 a6 11. Be2 Be6 12. 0-0 Qe7 13. Nd4 g6 14. Bf3 Rd8 15. Qd3 Nxd4 16. Qxd4 Bg7 17. Qa4+ Qd7 18. Qb4 Bf8 19. Qb6 Bg7 20. Bc7 Rc8 21. Na4 0-0 22. Qxb7 Ne8 23. Nb6 Rxc7 24. Nxd7 Rxb7 25. Nxf8 Kxf8 26. Rfd1 Nf6 27. Rc6 Ra7 28. Be2 a5 29. f3 Ke7 30. Kf2 Bd7 1/2-1/2